| 000 | 00575nam a2200205 a 4500 | ||
|---|---|---|---|
| 005 | 20140414131914.0 | ||
| 008 | 040131s19uu xx 00 eng d | ||
| 020 | _a0-590-04529-6 | ||
| 050 |
_aER _bF92 1970 |
||
| 100 | _aLobel, Arnold | ||
| 245 |
_aFrog and toad are friends / _cArnold Lobel. |
||
| 260 |
_aNew York : _bScholastic, _c1970. |
||
| 300 | _a64 p. ; cm. | ||
| 500 | _aContents: Spring--The Story--A Lost Button--A Swim--The Letter. | ||
| 650 |
_aFrogs _xFiction. |
||
| 650 | _aChildren stories. | ||
| 999 |
_c111372 _d111372 |
||